| 000 | 00000nam 2200000za 4500 |
| 001 | 9.814314 |
| 003 | CaOODSP |
| 005 | 20221107141742 |
| 007 | cr ||||||||||| |
| 008 | 160405s2016 qucao o| f000 0 eng d |
| 040 | |aCaOODSP|beng |
| 043 | |an-cn--- |
| 086 | 1 |aIP54-80/2016E-PDF |
| 245 | 04|aThe Internet of things |h[electronic resource] : |ban introduction to privacy issues with a focus on the retail and home environments / |cprepared by the Policy and Research Group of the Office of the Privacy Commissioner of Canada. |
| 260 | |aGatineau, QC : |bOffice of the Privacy Commissioner of Canada, |c[2016]. |
| 300 | |a31 p. : |bcol. ill. |
| 500 | |aIssued also in French under title: L'Internet des objets : introduction au enjeux relatifs à la protection de la vie privée dans le commerce de détail et à la maison. |
| 500 | |a"February 2016". |
| 504 | |aIncludes bibliographic references. |
| 692 | 07|2gccst|aComputers |
| 692 | 07|2gccst|aSecurity |
| 692 | 07|2gccst|aPrivacy |
| 710 | 2 |aOffice of the Privacy Commissioner of Canada. |
| 775 | 08|tL'Internet des objets |w(CaOODSP)9.814315 |
| 856 | 40|qPDF|s815 KB|uhttps://publications.gc.ca/collections/collection_2016/cpvp-opc/IP54-80-2016-eng.pdf |